Statistics for Fortnite Battle Royale Town Quiz

Click here to take the quiz!

General Stats

  • This quiz has been taken 141 times
  • The average score is 15 of 23

Answer Stats

HintAnswer% Correct
What is the area called where toilets are manufactured?Flush Factory
97%
What is supposedly the most crowded place on the map?Tilted Towers
97%
What is the Chinese village called?Lucky Landing
95%
What is the lake called?Loot Lake
77%
What is the farm at the bottom of the map called?Fatal Fields
73%
What is the swampland called?Moisty Mire
70%
What town is the big fast-food restaurant located?Greasy Grove
69%
Where is the church and graves located?Haunted Hills
67%
What area is full of shopping centres and houses?Retail Row
67%
What is the forest called?Wailing Woods
67%
What is the farm at the top of the map called?Anarchy Acres
66%
How many rivers flow into loot lake?2
63%
What town are the mines located?Shifty Shafts
63%
How many bridges are there over water/land?4
62%
What is the area full of crushed cars called?Junk Junction
62%
What is the group of houses called located below Dusty Depot?Salty Springs
62%
What area is located in the middle of the map?Dusty Depot
60%
What is the big housing estate called?Pleasant Park
58%
What is the area called where there are five houses in line?Snobby Shores
58%
What is the quiet area for campers called?Lonely Lodge
51%
What is located outside of moisty mire?A Prison
44%
What is the missing town out of this list?Tomato Town
43%
What is located below lonely lodge?Race Course
37%

Score Distribution

Percentile by Number Answered

Percent of People with Each Score

Your Score History

You have not taken this quiz